000 00808nac a22002890a 4500
001 PT2532
003 AR-LpoUNG
005 20210201004801.0
008 201001suuuu||||sp |||||||||||||||||spa d
020 _a(8434405040 año 1994) (8434405044 año 2004)
_c$25
040 _aAR-LpoUNG
_bspa
_eaacr
041 _aspa
044 _asp
082 0 _aR103 368v4
100 1 _aFerrater Mora, José
245 1 0 _aDiccionario de filosofía :
_btomo IV ( Q-Z)
260 _aBarcelona :
_bAriel,
_c1994.
300 _a3830 p. :
_bil.
_a(4
_fVolúmenes)
_3Impreso
490 0 _aDiccionario de filosofía
650 4 _aFILOSOFIA
650 4 _aLEXICOGRAFIA
650 4 _aMATERIAL DE REFERENCIA
650 4 _aTERMINOLOGIA
651 4 _aDOCUMENTOS TEORICOS O METODOLOGICOS
905 _a2532
942 _cLSALA
999 _c47510
_d47510